Mechanics of materials (Record no. 7098)

000 -LEADER
fixed length control field 00515nam a2200193 a 4500
001 - CONTROL NUMBER
control field 7098
003 - CONTROL NUMBER IDENTIFIER
control field BD-DhUET
008 - FIXED-LENGTH DATA ELEMENTS--GENERAL INFORMATION
fixed length control field 900618s1991 nyua 001 0 eng
040 ## - CATALOGING SOURCE
Original cataloging agency DLC
Transcribing agency DLC
Modifying agency BD-DhUET
082 00 - DEWEY DECIMAL CLASSIFICATION NUMBER
Classification number 620.11
Item number LAU/1954
100 ## - MAIN ENTRY--PERSONAL NAME
Personal name Laurson,Philip Gustave
245 10 - TITLE STATEMENT
Title Mechanics of materials
250 ## - EDITION STATEMENT
Edition statement 3rd ed.
260 ## - PUBLICATION, DISTRIBUTION, ETC. (IMPRINT)
Place of publication, distribution, etc. New York
Name of publisher, distributor, etc. John wiley & sons
Date of publication, distribution, etc. 1954
300 ## - PHYSICAL DESCRIPTION
Extent vii, 414 p.
Other physical details ill.
Dimensions 25 cm.
650 #0 - SUBJECT ADDED ENTRY--TOPICAL TERM
Topical term or geographic name as entry element Strength of materials engineering
700 ## - ADDED ENTRY--PERSONAL NAME
Personal name Cox, William Junkin
942 ## - ADDED ENTRY ELEMENTS (KOHA)
Koha item type General Book
Holdings
Lost status Copy number Sublocation or collection (holding branch) Koha date last seen Source of classification or shelving scheme Piece designation (barcode) Koha issues (times borrowed) Koha full call number Price effective from Koha normalized classification for sorting Not for loan Koha item type Koha date last borrowed Damaged status Date acquired Shelving location Location (home branch) Withdrawn status
 1Central Library, BUET2019-12-04 743091620.11/LAU/19542014-12-07620_000000000000000_11LAU1954 General Book2019-10-30 2014-12-07Circulation sectionCentral Library, BUET 
 2Central Library, BUET2014-12-07 74310 620.11/LAU/19542014-12-07620_000000000000000_11LAU1954 General Book  2014-12-07Circulation sectionCentral Library, BUET 
 3Central Library, BUET2015-03-30 17491 620.11/LAU/19542015-03-30620_110000000000000_LAU_1954 General Book  2015-03-30Circulation sectionCentral Library, BUET 
 4Central Library, BUET2015-04-30 54025 620.11/LAU/19542015-04-30620_110000000000000_LAU_1954 General Book  2015-04-30Circulation sectionCentral Library, BUET 
 5Central Library, BUET2015-04-30 54027 620.11/LAU/19542015-04-30620_110000000000000_LAU_1954 General Book  2015-04-30Circulation sectionCentral Library, BUET 
 6Central Library, BUET2015-06-20 54022 620.11/LAU/19642015-06-20620_110000000000000_LAU_1964 Reading Item  2015-06-20Reading sectionCentral Library, BUET 
 7Central Library, BUET2015-06-20 54018 620.11/LAU/19642015-06-20620_110000000000000_LAU_1964 Reading Item  2015-06-20Reading sectionCentral Library, BUET 
 8Central Library, BUET2015-06-29 54028 620.11/LAU/19542015-06-29620_110000000000000_LAU_1954 Reading Item  2015-06-29Reading sectionCentral Library, BUET 
 9Central Library, BUET2015-06-29 54019 620.11/LAU/19642015-06-29620_110000000000000_LAU_1964 Reading Item  2015-06-29Reading sectionCentral Library, BUET 
 10Central Library, BUET2015-06-29 54020 620.11/LAU/19642015-06-29620_110000000000000_LAU_1964 Reading Item  2015-06-29Reading sectionCentral Library, BUET 
 11Central Library, BUET2015-07-01 54014 620.11/LAU/19542015-07-01620_110000000000000_LAU_1954 Reading Item  2015-07-01Reading sectionCentral Library, BUET